Wszystkie kraje Afryki - Statystyki

Ogólne statystyki
  • Ten quiz został rozwiązany 310 razy
  • Średni wynik to 27 z 46
Statystyki odpowiedzi
Odpowiedź % Poprawnych
Egipt
90%
Republika Południowej Afryki
87%
Niger
82%
Algieria
80%
Demokratyczna Republika Konga
80%
Maroko
80%
Nigeria
80%
Kongo
73%
Madagaskar
73%
Sudan
72%
Etiopia
68%
Tunezja
68%
Czad
67%
Kenia
65%
Senegal
65%
Sudan Południowy
65%
Somalia
64%
Wybrzeże Kości Słoniowej
62%
Gwinea
61%
Angola
60%
Zambia
60%
Zimbabwe
59%
Mali
58%
Ghana
56%
Gwinea Równikowa
54%
Kamerun
54%
Lesotho
54%
Republika Środkowoafrykańska
54%
Uganda
53%
Erytrea
52%
Liberia
52%
Mauretania
52%
Tanzania
52%
Gabon
51%
Togo
51%
Gambia
49%
Mozambik
48%
Botswana
47%
Burkina Faso
46%
Gwinea Bissau
46%
Benin
44%
Namibia
43%
Dżibuti
42%
Sierra Leone
35%
Malawi
34%
Suazi
28%
Nie znaleziono quizów pasujących do podanych kryteriów
Rozkład punktacji
Procent ludzi z każdym wynikiem
Percentyl według liczby udzielonych odpowiedzi
Twoja historia wyników
Nie rozwiązałeś tego quizu